| 000 | 01047nam a22002897a 4500 | ||
|---|---|---|---|
| 003 | CHAP | ||
| 005 | 20220329135148.0 | ||
| 008 | 971013s r 00010 d | ||
| 010 | _a31929 | ||
| 011 | _a32901 | ||
| 035 | _a37016 | ||
| 040 | _cCHAP | ||
| 090 | _aFolleto 7368 | ||
| 100 | 0 | 0 |
_aNeuteboom, J. H. _980952 |
| 245 | _aEffect of different mowing regimes on the growth and development of four clones of couch (Elytrygia repens (L.) desv. ; Syn Agropyron repens (L.) Beauv.) in monocultures and in mixtures with perennial ryegrass (Lolium perenne L.) | ||
| 260 |
_aWageningen : _bVeenman & Zones B. V., _c198? |
||
| 300 |
_a26 p. _b: ilus. |
||
| 490 |
_aMededelingen Landbouwhogeschool _v; 81-15 |
||
| 590 |
_aBATCH-UPD _b10 _c20130110 _lUCH01 _h2118 |
||
| 590 |
_aCONVERSION _b10 _c20130109 _lUCH01 _h1318 |
||
| 650 | 1 | 4 |
_aAgropiro. _92211 |
| 650 | 1 | 4 |
_aLolium perenne. _967505 |
| 830 | 0 |
_aMededelingen Landbouwhogeschool _v; 81-15 _973858 |
|
| 901 | _aBK | ||
| 942 | _cFOLL | ||
| 949 |
_aFolleto 7368 _bBC _cFOLL _d-84981 _eTS1 _i37016 _si |
||
| 999 |
_c31929 _d31929 |
||